Postavenie spoločníkov spoločností s ručením obmedzeným v poistnom systéme

Právne normy, ktoré upravujú postavenie spoločníkov spoločností s ručením obmedzeným v poistnom systéme. Praktické príklady uplatňovania odvodov na zdravotné poistenie, nemocenské poistenie a dôchodkové zabezpečenie.

Salvato in:
Dettagli Bibliografici
Autore principale: Matlák, Ján
Natura: Capitolo di libro
Lingua:slovacco
Soggetti:
Tags: Aggiungi Tag
Nessun Tag, puoi essere il primo ad aggiungerne!!

MARC

LEADER 00000naa a2200000 4500
001 r040238
005 20231003081545.8
041 0 |a slo 
044 |a SK 
245 1 0 |a Postavenie spoločníkov spoločností s ručením obmedzeným v poistnom systéme  |c Ján Matlák 
520 |a Právne normy, ktoré upravujú postavenie spoločníkov spoločností s ručením obmedzeným v poistnom systéme. Praktické príklady uplatňovania odvodov na zdravotné poistenie, nemocenské poistenie a dôchodkové zabezpečenie. 
610 2 0 |a spoločnosti s r.o. 
610 2 0 |a poisťovne 
610 2 0 |a poisťovníctvo 
610 2 0 |a spoločníci 
610 2 0 |a zabezpečenie dôchodkové 
610 2 0 |a poistenie dôchodkové 
610 2 0 |a poistenie nemocenské 
610 2 0 |a úpravy právne 
610 2 0 |a Slovensko 
100 1 |a Matlák, Ján